000 01770cam a22004577a 4500
001 15339425
003 OSt
005 20230607083918.0
008 080623s2007 qucab 000 0 eng
010 _a 2008411364
016 _a20080041450
020 _a9782921800242
020 _a9782921800242
035 _a(OCoLC)ocn213101193
040 _aNLC
_beng
_cNLC
_dCDX
_dDLC
041 1 _aeng
_hfre
042 _alccopycat
043 _an-cn-qu
045 _at3x8
050 0 0 _aJL253
_b.D4525 2007
055 0 2 _aFC2946.8*
082 0 4 _a725/.1109714471
_bOCS
100 1 _aDeschênes, Gaston.
245 1 4 _aThe Québec Parliament building :
_ba monument to history /
_ctext, Gaston Deschenes ; photographs, Francesco Bellomo ; translation, Benjamin Waterhouse.
260 _aSaint-Lambert, Québec :
_bStromboli,
_cc2007.
300 _a263 p. :
_bill. (some col.), maps ;
_c24 x 31 cm.
500 _aTranslation of: L'Hôtel du Parlement.
610 2 0 _aHôtel du Parlement (Québec, Québec)
_xHistory.
610 1 0 _aQuébec (Province).
_bAssemblée nationale
_xHistory.
610 2 0 _aHôtel du Parlement (Québec, Québec)
_vPictorial works.
610 2 6 _aHôtel du Parlement (Québec, Québec)
_xHistoire.
610 1 6 _aQuébec (Province).
_bAssemblée nationale
_xHistoire.
610 2 6 _aHôtel du Parlement (Québec, Québec)
_vOuvrages illustrés.
650 0 _aRepresentative government and representation
_zQuébec (Province)
_xHistory.
650 6 _aGouvernement représentatif
_zQuébec (Province)
_xHistoire.
700 1 _aWaterhouse, Benjamin,
_d1961-
700 1 _aBellomo, Francesco,
_d1957-
906 _a7
_bcbc
_ccopycat
_d2
_encip
_f20
_gy-gencatlg
942 _2ddc
_cBK
999 _c761
_d761